Culture Générale - Afrique #6 - Statistiques

Statistiques générales
  • Ce quiz a été pris 77 fois
  • Le résultat moyen est 7 sur 15
Statistiques - réponses
Hint Réponse % Correct
Quel est le plus long fleuve d'Afrique? Le Nil
88%
Quel pays a ses frontières Nord, Est et Sud enclavée par le Sénégal? Gambie
73%
Quel pays est surnommé l'île Rouge ? Madagascar
73%
Comment s'appelle la sorcière dans le film d'animation "Kirikou et la sorcière" sortie en 1998? Karaba
72%
Quel chanteur franco-camerounais à interpreter la chanson "Saga Africa" Yannick Noah
61%
De quel pays provient le Thiéboudiène, plat à base de riz et poisson? Sénégal
59%
Dans quelle ville d'Afrique du Sud peut-on visiter la Montagne de la Table? Le Cap
56%
De quel pays provient l’uranium qui a permis aux Etats-Unis de bombarder les villes de Hiroshima et Nagasaki? Congo
50%
Quelle œuvre a permis de déchiffrer les hiéroglyphes ? La Pierre de Rosette
45%
Citez l'une des plus grandes compagnies aérienne d'Afrique Royal Air Maroc | Kenya Airways | EgyptAir | Ethiopian Airlines | Rwandair
41%
Dans quelle pays se trouvait l'empire Ashanti? Ghana
17%
Dans quel pays peut-on voir le lièvre de Starck? Ethiopie
11%
Quelle femme a été nommé la femme la plus riche d’Afrique en 2013? Isabel Dos Santos
6%
Nommez l’équipe de football qui a remporté la Coupe du Monde des Clubs de la Fifa en 2020? Al Alhy
3%
Comment s'appelle l'organisation économique et politique formée par les cinq pays du Maghreb? Union du Maghreb arabe
3%
Aucun quiz correspondant
Distribution des résultats
% des personnes avec chaque résultat
Percentile par nombre de réponses
Votre historique - résultats
Vous n’avez pas pris ce quiz